000 00662nam a22002177a 4500
003 ITZ
005 20250508131034.0
008 250508b |||||||| |||| 00| 0 spa d
020 _a978-607-15-1461-5
035 _a17893
041 _aSpa
050 _aTJ260
_bC4618 2020
082 _a621.402.2
_bC395tf 2020
100 1 _aCengel, Yunus A.
245 _aTransferencia de calor y masa:
_bfundamentos y aplicaciones /
_cYunus A. Cengel
250 _a4 ed. en español, 6 ed. en ingles
260 _aMéxico:
_bMc Graw Hill,
_c2020.
300 _axxv, 1012 p.
_bil. /
_c26 cm.
650 _a1. CALOR - TRASMISIÓN \ 2. APLICACIONES INDUSTRIALES
942 _cBK
999 _c29608
_d29608